| Tag |
First Indicator |
Second Indicator |
Subfields |
| LEADER |
00000cam a2200000 a 4500 |
| 001 |
in00001472003 |
| 005 |
20151021051832.0 |
| 008 |
980223s1998 enk b 001 0 eng |
| 010 |
|
|
|a 98013177
|
| 020 |
|
|
|a 0333641876 (excluding North America)
|
| 020 |
|
|
|a 0312215428 (North America : hardcover)
|
| 035 |
|
|
|a (OCoLC)38527856
|
| 035 |
|
|
|9 AJE1819AM
|
| 040 |
|
|
|a DLC
|c DLC
|d TXA
|d UtOrBLW
|
| 043 |
|
|
|a e-uk---
|a n-us---
|
| 049 |
|
|
|a TXAM
|
| 050 |
0 |
0 |
|a JS3111
|b .B68 1998
|
| 082 |
0 |
0 |
|a 352.14/0941
|2 21
|
| 100 |
1 |
|
|a Boyne, George A.
|
| 245 |
1 |
0 |
|a Public choice theory and local government :
|b a comparative analysis of the UK and the USA /
|c George A. Boyne.
|
| 264 |
|
1 |
|a Houndmills, Basingstoke, Hampshire :
|b Macmillan Press ;
|a New York :
|b St. Martin's Press,
|c 1998.
|
| 300 |
|
|
|a x, 204 pages ;
|c 23 cm.
|
| 336 |
|
|
|a text
|b txt
|2 rdacontent
|
| 337 |
|
|
|a unmediated
|b n
|2 rdamedia
|
| 338 |
|
|
|a volume
|b nc
|2 rdacarrier
|
| 504 |
|
|
|a Includes bibliographical references (pages 185-201) and index.
|
| 650 |
|
0 |
|a Local government
|z Great Britain.
|
| 650 |
|
0 |
|a Local government
|z United States.
|
| 650 |
|
0 |
|a Social choice
|z Great Britain.
|
| 650 |
|
0 |
|a Social choice
|z United States.
|
| 999 |
|
|
|a MARS
|
| 999 |
f |
f |
|s 7df5df42-4313-3a94-8b28-389061b7ee11
|i 2be75458-c89f-3300-8ab3-ec2a31edc65d
|t 0
|
| 952 |
f |
f |
|p ric
|a Texas A&M University
|b Rellis Campus
|c Joint Library Facility
|d Remote Storage
|t 0
|e JS3111 .B68 1998
|h Library of Congress classification
|i unmediated -- volume
|m A14823935899
|
| 998 |
f |
f |
|a JS3111 .B68 1998
|t 0
|l Remote Storage
|